000 00459nmm a2200157Ia 4500
008 251105s9999||||xx |||||||||||||||||und||
020 _a9788431534134
041 _aspa
100 _aSalmeri, Alessandro
245 0 _aComo hacer nudos
264 _a[Madrid, España] :
_bDe Vecchi,
_c[Fecha de publicación no identificada]
300 _a0 páginas
650 _aTravel & Sports
856 _uhttps://public.digitaliapublishing.com/a/122245
942 _cCF
999 _c81372
_d81372